00874nam a22002057a 450000500170000000800410001701700410005802000180009904000230011708200260014010000350016624501780020125000090037926000880038830000350047650400600051165000380057165000490060965100100065820240530110759.0190121s2018 ua abf f b 000 0dara d a2018/2044bمصر. دار الكتب a9789779116754 aEG-CaGPLcEG-CaGPL04221a307.3 /bق/ف م0 aفتحى محمد مصيلحى10aمجتمعات الاطفال بالقاهرة الكبرى بين واقع مظلات الرعاية وكيفية الارتقاء بها / cفتحى محمد مصيلحى aط.1 aالقاهرة : bالهيئة المصرية العامة للكتاب،c2018. a317 ص. :bايض ؛c24 سم. aيشتمل على ارجاعات ببليوجرافية072qrmakaالاطفالxرعاية072qrmakaالاطفالxاسلوب معيشة 2qrmak